000 01037nas a2200337 4500
001 BR2012006917
003 BR-BrBNA
005 20231205121147.0
007 ta
008 230509b bl.|||p| |||| 00| 00por d
040 _aBR-BrBNA
_bpor
_cBiblioteca Nacional de Agricultura
041 _a(Pt)
072 _aF30; F02
100 1 _aAmaral, W. do
100 1 _aDeschamps, C.
100 1 _aMachado, M.P.
100 1 _aKoehler, H.S.
100 1 _aScheer, A. de P.
100 1 _aCocco, L.
100 1 _aYamamoto, C.
245 1 _aAvaliação de germoplasma de camomila e densidade de semeadura na produção e composição do óleo essencial
650 _aCAMOMILA
650 _aÓLEO ESSENCIAL
650 _aGERMOPLASMA
650 _aDENSIDADE DE SEMEADURA
650 _aCOMPOSIÇÃO DE ALIMENTO
650 _aPRODUÇÃO VEGETAL
773 0 _tHorticultura Brasileira (Brazil)
_xISSN 0102-0536
_g(Apr-Jun 2012), v. 30(2) p. 195-200
_wBR2012006917
909 _a202311
_bLúcia
_c55
_dLúcia Elande
942 _2AGRIS
_n0
_cANA
999 _c222107
_d222107